| 000 | 01205cam a2200409 i 4500 | ||
|---|---|---|---|
| 001 | 0000831 | ||
| 003 | DO-SdBPM | ||
| 005 | 20251105112253.0 | ||
| 007 | ta | ||
| 008 | 100514s1997 sp a | |||| 000 f spa | ||
| 015 | _a | ||
| 017 |
_a _b |
||
| 020 | _a842163318X | ||
| 035 | _a | ||
| 040 |
_a DO-SdBPM _bspa _cBPMSU _e rda |
||
| 080 | _a | ||
| 082 | 4 |
_a 863.6 _bA523a 1997 _222 |
|
| 100 | 1 |
_aAmo, Montserrat del _d1927-2015 _eautora |
|
| 245 | 1 | 0 |
_a Álvaro a su aire / _cMontserrat del Amo ; ilustraciones María Luisa Torcida _h |
| 250 | _a | ||
| 260 |
_a _b _c |
||
| 264 |
_aMadrid : _bBruño, _c1997 |
||
| 300 |
_a119 páginas _bilustraciones _c19 cm. |
||
| 336 |
_atexto _btxt _2rdacontent |
||
| 337 |
_asin mediación _bn _2rdamedia |
||
| 338 |
_avolumen _bnc _2rdacarrier |
||
| 490 | 0 | _aFábulas del Búho | |
| 500 | _aA partir de 6 años | ||
| 521 | _aA partir de 7 años. | ||
| 586 | _a | ||
| 586 | _aPrimer premio nacional de literatura infantil, 1978 | ||
| 650 | 7 | _aCuentos infantiles españoles | |
| 650 | 7 | _aFábulas española | |
| 700 | 1 |
_a Torcida, María Luisa _e ilustraciones |
|
| 910 | _aVMateo V. Control de calidad. BPMSU | ||
| 942 |
_2ddc _cBK |
||
| 999 |
_c15491 _d15491 |
||